000 00726nam a22002057a 4500
003 OSt
005 20150408114209.0
008 140112s 2010jo a g |||| 00| 0 ara d
040 _ama-un
082 _221
_a615.32
_bر ط ع
245 _aعلم العقاقير :
_cطلال أبو رجيع، غسان حجاوي.
_bالنباتات الطبية : الجزء العلمي /
260 _aالاردن ، عمان :
_bدار الشروق،
_c2010
300 _a291 ص. :
_c24 سم ،
_eايض. ؛
100 _aأبو رجيع، طلال
_942260
300 _f291 ص. ؛
650 _aعلم العقاقير
_942261
650 _aالنباتات الطبية
700 _aحجاوي، غسان
_942262
942 _2ddc
_cBOOK
999 _c33962
_d268462